Parâmetros do motor - Statistics

Estatísticas Gerais
  • Esse quiz foi jogado 2 309 vezes
    2 300 desde o último reset
  • A pontuação média é 19 de 22
Estatísticas das Respostas
Pergunta Unidade de medida Resposta % Correto
NG Máx % % 101,5
91%
NH Máx % % 100
90%
NG Máx RPM 38100
89%
Potência Máx DEP SHP 750
89%
NG Táxi (X+-Y)% 54+-1
88%
Potência Máx Subida SHP 700
88%
Torque Máx DEP lb.ft 1795
87%
Torque máx reverso lb.ft 1795
87%
NG Marcha lenta (X+-Y)% 67+-1
87%
Potência Máx Cruzeiro SHP 700
86%
NH Máx RPM 2200
85%
T5 Máx DEP °C 790
85%
T5 Máx Partida em 2s °C 1090
84%
Temp Máx Op. °C 50
83%
NG Min % % 52
83%
Potência Máx Reverso SHP 708
83%
T5 Máx reverso °C 790
83%
T5 Máx Subida °C 765
81%
T5 Máx Cruzeiro °C 740
80%
NG Min RPM 19500
79%
T5 Máx Aceleração em 2s °C 850
79%
Temp Mín Op. °C -45
78%
Nenhum quiz correspondente encontrado
Distribuição das Pontuações
Porcentagem de Pessoas com Cada Pontuação
Percentil de Números Respondidos
Sua Pontuação Histórica
Você não jogou esse quiz desde o último reset